Co to za piłkarz? - Rozsypanka - Statystyki

Ogólne statystyki
  • Ten quiz został rozwiązany 246 razy
  • Średni wynik to 8 z 15
Statystyki odpowiedzi
Piłkarz % Poprawnych
KEFIR Fekir
84%
LABA Alba
83%
NOLADOR Ronaldo
72%
NACHOS Sancho
71%
NARVAE Varane
66%
BADYLA Dybala
62%
KUKULA Lukaku
60%
VYDRA Vardy
55%
GOATBEN Boateng
47%
KOLBA Oblak
35%
RUOAA Aouar
34%
SKORO Kroos
34%
MOCNA Coman
29%
SOLONA Alonso
19%
SOLINAS Alisson
10%
Nie znaleziono quizów pasujących do podanych kryteriów
Rozkład punktacji
Procent ludzi z każdym wynikiem
Percentyl według liczby udzielonych odpowiedzi
Twoja historia wyników
Nie rozwiązałeś tego quizu